Statistics for Premier League Relegated Teams

Click here to take the quiz!

General Stats

  • This quiz has been taken 33,532 times
    (13,020 since last reset)
  • The average score is 27 of 40

Answer Stats

Years Team Worst Points % Correct
1995, 2005, 2014, 2016Norwich City33
90%
2009, 2016Newcastle United34
88%
2016Aston Villa17
86%
1997, 2003, 2006, 2017Sunderland15
85%
2003, 2006, 2009, 2018West Bromwich Albion26
82%
2004Leeds United33
82%
2018Swansea City33
82%
2014Cardiff City30
81%
2003, 2011West Ham United33
80%
2004, 2012Wolverhampton Wanderers25
78%
2014Fulham32
77%
2005Southampton32
76%
1995, 2002, 2004Leicester City28
74%
2018Stoke City33
74%
1999, 2012Blackburn Rovers31
72%
1996, 2001Manchester City34
72%
2002, 2008Derby County11
72%
1994, 2007Sheffield United38
71%
2010Portsmouth19
70%
1993, 1997, 2009, 2017Middlesbrough28
69%
2000Sheffield Wednesday31
69%
2006, 2008, 2011Birmingham City34
69%
2010, 2015, 2017Hull City30
68%
1993, 1995, 1998, 2005Crystal Palace33
68%
1996, 2013, 2015Queens Park Rangers25
67%
1993, 1997, 1999Nottingham Forest30
67%
2015, 2015Burnley30
66%
1996, 1998, 2012Bolton Wanderers29
64%
2000, 2007Watford24
63%
1995, 2002Ipswich Town27
60%
2013Wigan Athletic36
58%
2011Blackpool39
58%
1999, 2007Charlton Athletic34
54%
2008, 2013Reading28
52%
2000Wimbledon F.C.33
49%
2001Coventry City34
49%
1998Barnsley35
44%
2001Bradford City26
43%
1994Oldham Athletic40
39%
1994Swindon Town30
38%

Score Distribution

Percentile by Number Answered

Percent of People with Each Score

Your Score History

You have not taken this quiz since the last reset